000 00555nam a22001337a 4500
020 _a978-1-905654-29-1
082 _a823
_bMEY/B
100 _aMEYER,STEPHENIE
245 _aBREAKING DAWN
260 _aLONDON
_bATOM
520 _aThe novel directly follows the events of the previous novel, Eclipse, as Bella and Edward Cullen get married, leaving behind a heartbroken Jacob. When Bella faces unexpected and life-threatening situations, she willingly risks her human life and possible vampire immortality.
650 _aNOVEL ENGLISH
_zLONDON
942 _cBK
999 _c3243
_d3243